[Event "High Wycombe e2e4 U2000 op 03"]
[Site "High Wycombe"]
[Date "2013.03.10"]
[Round "4"]
[White "Moore, John R"]
[Black "Stone, Mark R"]
[Result "1/2-1/2"]
[WhiteElo "1798"]
[BlackElo "1610"]
[PlyCount "25"]
[EventDate "2013.03.08"]
[EventType "swiss"]
[EventRounds "5"]
[EventCountry "ENG"]
[SourceTitle "EXT 2015"]
[Source "ChessBase"]
[SourceDate "2014.11.20"]
[SourceVersion "1"]
[SourceVersionDate "2014.11.20"]
[SourceQuality "1"]

1. d4 d5 2. c4 c6 3. Nc3 a6 4. e3 b5 5. cxb5 axb5 6. Bd3 Nf6 7. Bd2 Bg4 8. Qc2 Nbd7 9. Nce2 Rc8 10. Ng3 e5 11. h3 Be6 12. Rc1 Qb6 13. dxe5 1/2-1/2

[Event "High Wycombe e2e4 U2000 op 03"]
[Site "High Wycombe"]
[Date "2013.03.09"]
[Round "2"]
[White "Moore, John R"]
[Black "Steele, Beatrice"]
[Result "1/2-1/2"]
[WhiteElo "1798"]
[BlackElo "1629"]
[PlyCount "110"]
[EventDate "2013.03.08"]
[EventType "swiss"]
[EventRounds "5"]
[EventCountry "ENG"]
[SourceTitle "EXT 2015"]
[Source "ChessBase"]
[SourceDate "2014.11.20"]
[SourceVersion "1"]
[SourceVersionDate "2014.11.20"]
[SourceQuality "1"]

1. e4 c6 2. d4 d5 3. Nc3 dxe4 4. Nxe4 Bf5 5. Ng3 Bg6 6. Nf3 Nf6 7. Bd3 Bxd3 8. Qxd3 e6 9. 0-0 Bd6 10. Re1 0-0 11. Bd2 Nbd7 12. Ne5 Qc7 13. Nc4 Bxg3 14. Qxg3 Qxg3 15. hxg3 Nb6 16. Na5 Rab8 17. Bf4 Rbd8 18. c3 Rd7 19. Nb3 Rd5 20. Nc5 Nc4 21. Re2 b6 22. Na6 Nh5 23. Bc1 Rc8 24. b3 Na5 25. Nb4 Rd7 26. Bb2 Nb7 27. Rae1 a5 28. Nd3 c5 29. g4 Nf6 30. Ne5 Rdc7 31. c4 Nd7 32. Rd2 Nxe5 33. dxe5 h6 34. Red1 Kh7 35. f3 Kg6 36. Kf2 Ra8 37. Rd7 Rac8 38. Ke3 Rxd7 39. Rxd7 Rb8 40. Ke4 Nd8 41. f4 Kh7 42. f5 Kg8 43. Bc3 Kf8 44. Bd2 Ke8 45. Rd3 Nc6 46. a4 Nd4 47. Be3 Nc6 48. g5 hxg5 49. Bxg5 Nd4 50. f6 gxf6 51. Bxf6 Kd7 52. Rg3 Nf5 53. Rd3+ Nd4 54. Rg3 Nf5 55. Rd3+ Nd4 1/2-1/2

[Event "High Wycombe e2e4 U2000 op 03"]
[Site "High Wycombe"]
[Date "2013.03.08"]
[Round "1"]
[White "Valentine, Brian J"]
[Black "Moore, John R"]
[Result "1/2-1/2"]
[WhiteElo "1973"]
[BlackElo "1798"]
[PlyCount "51"]
[EventDate "2013.03.08"]
[EventType "swiss"]
[EventRounds "5"]
[EventCountry "ENG"]
[SourceTitle "EXT 2015"]
[Source "ChessBase"]
[SourceDate "2014.11.20"]
[SourceVersion "1"]
[SourceVersionDate "2014.11.20"]
[SourceQuality "1"]

1. e4 c5 2. Nf3 d6 3. d4 cxd4 4. Nxd4 Nf6 5. Nc3 a6 6. Bg5 e6 7. f4 Be7 8. Qf3 Qc7 9. 0-0-0 Nc6 10. Kb1 Bd7 11. Nb3 Rc8 12. Bd3 b5 13. Ne2 Nb4 14. Ned4 Nxd3 15. Qxd3 Qc4 16. h3 Qxd3 17. cxd3 0-0 18. g4 h6 19. Bh4 Nd5 20. Bxe7 Nxe7 21. f5 e5 22. Nc2 Bc6 23. Nb4 d5 24. Nxc6 Rxc6 25. Rhe1 d4 26. Na5 1/2-1/2